|
|
|
|
| LEADER |
00826cam a2200217 7i4500 |
| 001 |
0000013039 |
| 005 |
20090303090000.0 |
| 008 |
070213 bm |
| 020 |
|
|
|a 9789833423835
|
| 020 |
|
|
|a 9833423833 (hbk.)
|
| 090 |
0 |
0 |
|a BP190.5.K56
|b Q23 2006
|
| 100 |
0 |
|
|a Al-Qarni, 'Aidh Abdullah,
|d Dr
|
| 245 |
1 |
0 |
|a Bacalah dengan nama tuhanmu :
|b keutamaan ilmu dan pengetahuan
|c Dr. 'Aidh Abdullah Al-Qarni ; penterjemah Syamil Samad.
|
| 260 |
|
|
|a Kuala Lumpur:
|b Jasmin Enterprise,
|c 2006.
|
| 300 |
|
|
|a xi, 362 p.;
|c 23 cm.
|
| 650 |
0 |
0 |
|a Learning --
|x Religious aspects --
|x Islam
|
| 650 |
0 |
0 |
|a Knowledge, Theory of (Islam)
|
| 650 |
0 |
0 |
|a Islamic ethics
|
| 650 |
0 |
0 |
|a Islam and science
|
| 999 |
|
|
|a 0000017283
|b BOK
|c OPEN SHELF
|e 1st Floor, Bestari Jaya
|
| 999 |
|
|
|a 0000017284
|b BOK
|c OPEN SHELF
|e 1st Floor, Shah Alam
|